Custom and conflict in Africa

Αποθηκεύτηκε σε:
Λεπτομέρειες βιβλιογραφικής εγγραφής
Κύριος συγγραφέας: Gluckman, Max 1911-1975
Μορφή: Βιβλίο
Γλώσσα:English
Δημοσίευση: Oxford, UK : Basil Blackwell, 1956
Θέματα:
Ετικέτες: Προσθήκη ετικέτας
Δεν υπάρχουν, Καταχωρήστε ετικέτα πρώτοι!

MARC

LEADER 00000cam a2200000 i 4500
001 1/27334
008 060331s1956 eng d
020 |a 0-631-04840-5 
035 |l 10083378 
040 |a GR-MY-UA  |b gre  |e aacr 
041 0 |a eng 
082 0 |a 306.096  |2 (22) 
100 1 |a Gluckman, Max  |d 1911-1975. 
245 1 0 |a Custom and conflict in Africa /  |c by Max Gluckman 
260 |a Oxford, UK :   |b Basil Blackwell,   |c 1956 
300 |a ix, 173 σ.;  |c 22 εκ. 
500 |a Έχει γίνει ανατύπωση το 1973 
504 |a Περιέχει βιβλιογραφία (σ. 166-173) 
650 0 0 |a Ethnology  |z Africa. 
650 0 0 |a Conflict manaqement  |z Africa. 
651 0 |a Africa  |x Social life and customs. 
852 |a INST  |b LESVOS  |e 20060331  |h 306.096 GLU  |p 005100034812  |q 005100034812  |t BK  |y 0 
901 |a BIBL1-2006-1 
909 |a Λ  |b 126230 
970 |a ΚΑΡΑ  |b ΓΙΑΣΕΜΗ  |z 2006/03/31